000
00192nam a22000857a 4500
008
170626b xxu||||| |||| 00| 0 eng d
100
_9
3697
_a
Nai. K. G
245
_a
Sports Quiz
260
_a
New Delhi
999
_c
7119
_d
7119